01653nea a2200373 i 4500001000700000003000700007005001700014007000900031008004100040016004500081034001400126035002700140035002100167035002300188040002900211080001400240245021400254255002700468260006300495300002500558336007200583337003000655338002400685500006100709501008900770507005200859522005000911611004500961651003801006655003601044700003401080710004401114852012101158196752SpMaBN20250107182108.0aj aanzn241104s1799 fr bdez e fre 7 abicaBNE20050043412zAMER890037302SpMaBN1 aab766284 a(SpMaBN)bica0000078269 a(OCoLC)733733933 a991037196619708606 aSpMaBNbspacSpMaBNerdc a(7)2201500aCôte Nord-ouest de l'Ameriqueh[Material Cartográfico],breconnue par le Cap. Vancouver, VI.e. Partie, depuis 50º45' de Latitude Seple. et 219º30' de Longde, jusqu'a 59º56' de Late et 212º8' de longde. aEscala [ca. 1:766.284] a[A Paris] :b[De L'Imprimerie de la République],c[1799] a1 mapa ;c92 x 65 cm aImagen (cartográfica ; fija ; bidimensional ; visual)2rdacontent asin mediación2rdamedia 2rdacarrieravolumen aIndica la derrota de los navíos en 1794 con las fechas aInserta: "Plan de Port Chalmers". - Escala [ca. 1:86.133] 2 millas marinas [=4,3 cm] aEscala calculada a partir de 1 grado de latitud aAbarca parte de la costa meridional de Alaska20a Vancouver, Expedición de, d1791-1795 0aAmérica del NortevMapas2embne 4aMapas topográficos-yS. XVIII0 aVancouver, George,d1757-1798 aImprimerie de la République (Francia) aES-MaACLcDEPO2dOlim: B-6988dOlim: 155-A-2jGF-116(8)xEncuadernado con otros mapas formando un volumnen facticio.